One Atlanta Hawks Player By Season - Statistics

General Stats
  • This quiz has been taken 311 times
    133 since last reset
  • The average score is 41 of 76
Answer Stats
Season Players Full List % Correct
2024-25 Trae Young | Jalen Johnson | Dyson Daniels | De'Andre Hunter | Onyeka Okongwu | Jacob Toppin | Caris LeVert | Bogdan Bogdanović | Zaccharie Risacher | Georges Niang | Terance Mann | Clint Capela | Vit Krejci | Larry Nance Jr. | Garrison Mathews | Mouhamed Gueye | Keaton Wallace | David Roddy | Kobe Bufkin | Daeqwon Plowden | Dominick Barlow
99%
2023-24 Trae Young | Dejounte Murray | Bogdan Bogdanović | Jalen Johnson | De'Andre Hunter | Saddiq Bey | Clint Capela | Onyeka Okongwu | Bruno Fernando | Vit Krejci | Garrison Mathews | Kobe Bufkin | Dylan Windler | Mouhamed Gueye | Wesley Matthews | Patty Mills | AJ Griffin | Trent Forrest | Seth Lundy
98%
2022-23 Trae Young | Dejounte Murray | De'Andre Hunter | John Collins | Bogdan Bogdanović | Clint Capela | Onyeka Okongwu | AJ Griffin | Aaron Holiday | Jalen Johnson | Justin Holiday | Trent Forrest | Jarrett Culver | Frank Kaminsky | Vit Krejci | Tyrese Martin | Saddiq Bey | Garrison Mathews | Bruno Fernando | Donovan Williams
98%
2020-21 Trae Young | John Collins | Clint Capela | Bogdan Bogdanović | De'Andre Hunter | Kevin Huerter | Cam Reddish | Danilo Gallinari | Solomon Hill | Tony Snell | Lou Williams | Rajon Rondo | Brandon Goodwin | Onyeka Okongwu | Kris Dunn | Nathan Knight | Skylar Mays | Bruno Fernando
98%
2019-20 Trae Young | John Collins | De'Andre Hunter | Kevin Huerter | Cam Reddish | Jabari Parker | Dewayne Dedmon | DeAndre' Bembry | Jeff Teague | Allen Crabbe | Alex Len | Damian Jones | Vince Carter | Evan Turner | Bruno Fernando | Brandon Goodwin | Treveon Graham | Tyrone Wallace | Chandler Parsons | Paul Watson | Charlie Brown Jr.
98%
2021-22 Trae Young | John Collins | Clint Capela | Kevin Huerter | Bogdan Bogdanović | De'Andre Hunter | Chaundee Brown Jr. | Wes Iwundu | Danilo Gallinari | Cam Reddish | Cameron Oliver | Onyeka Okongwu | Delon Wright | Malcolm Hill | Lou Williams | Timothé Luwawu-Cabarrot | Lance Stephenson | Solomon Hill | Skylar Mays | Gorgui Dieng | Kevin Knox | Jalen Johnson | Cat Barber | Sharife Cooper
97%
2018-19 Trae Young | John Collins | Taurean Prince | Kevin Huerter | Dewayne Dedmon | Kent Bazemore | DeAndre' Bembry | Alex Len | Jeremy Lin | Vince Carter | Omari Spellman | Alex Poythress | Deyonta Davis | Jaylen Adams | Isaac Humphries | Daniel Hamilton | Justin Anderson | Miles Plumlee | Tyler Dorsey | B.J. Johnson | Tyler Zeller | Jordan Sibert
96%
2012-13 Al Horford | Josh Smith | Jeff Teague | Kyle Korver | Lou Williams | Devin Harris | Zaza Pachulia | DeShawn Stevenson | Jannero Pargo | Anthony Tolliver | Ivan Johnson | John Jenkins | Dahntay Jones | Shelvin Mack | Anthony Morrow | Johan Petro | Mike Scott | Jeremy Tyler
80%
2013-14 Paul Millsap | Kyle Korver | Al Horford | Jeff Teague | DeMarre Carroll | Lou Williams | Shelvin Mack | Elton Brand | Pero Antić | Mike Scott | Gustavo Ayón | Cartier Martin | James Nunnally | Dennis Schröder | John Jenkins | Mike Muscala | Jared Cunningham | Dexter Pittman
78%
2011-12 Joe Johnson | Josh Smith | Jeff Teague | Al Horford | Zaza Pachulia | Marvin Williams | Kirk Hinrich | Willie Green | Ivan Johnson | Tracy McGrady | Vladimir Radmanović | Jannero Pargo | Jason Collins | Jerry Stackhouse | Erick Dampier | Donald Sloan
78%
2015-16 Paul Millsap | Al Horford | Kyle Korver | Jeff Teague | Kent Bazemore | Thabo Sefolosha | Dennis Schröder | Tim Hardaway Jr. | Tiago Splitter | Mike Scott | Kris Humphries | Lamar Patterson | Justin Holiday | Mike Muscala | Shelvin Mack | Kirk Hinrich | Edy Tavares
77%
2014-15 Paul Millsap | Kyle Korver | DeMarre Carroll | Al Horford | Jeff Teague | Dennis Schröder | Thabo Sefolosha | Kent Bazemore | Pero Antić | Mike Scott | Shelvin Mack | Elton Brand | Mike Muscala | John Jenkins | Austin Daye | Adreian Payne
77%
2010-11 Joe Johnson | Al Horford | Josh Smith | Jamal Crawford | Mike Bibby | Marvin Williams | Kirk Hinrich | Maurice Evans | Zaza Pachulia | Jeff Teague | Damien Wilkins | Jason Collins | Josh Powell | Jordan Crawford | Pape Sy | Hilton Armstrong | Etan Thomas
77%
2009-10 Joe Johnson | Josh Smith | Al Horford | Jamal Crawford | Marvin Williams | Mike Bibby | Maurice Evans | Zaza Pachulia | Jeff Teague | Joe Smith | Jason Collins | Othello Hunter | Randolph Morris | Mario West
77%
2007-08 Joe Johnson | Josh Smith | Marvin Williams | Mike Bibby | Al Horford | Josh Childress | Anthony Johnson | Tyronn Lue | Acie Law | Zaza Pachulia | Salim Stoudamire | Shelden Williams | Lorenzen Wright | Jeremy Richardson | Mario West | Solomon Jones
75%
2008-09 Joe Johnson | Josh Smith | Mike Bibby | Marvin Williams | Al Horford | Ronald Murray | Maurice Evans | Zaza Pachulia | Solomon Jones | Acie Law | Speedy Claxton | Thomas Gardner | Othello Hunter | Mario West | Randolph Morris
75%
2016-17 Paul Millsap | Dennis Schröder | Dwight Howard | Kyle Korver | Tim Hardaway Jr. | Kent Bazemore | Thabo Sefolosha | Ersan İlyasova | Mike Muscala | Malcolm Delaney | Taurean Prince | Mike Dunleavy | José Calderón | Kris Humphries | Mike Scott | DeAndre' Bembry | Gary Neal | Lamar Patterson | Ryan Kelly | Edy Tavares
72%
1987-88 Dominique Wilkins | Doc Rivers | Randy Wittman | Kevin Willis | Cliff Levingston | Tree Rollins | Jon Koncak | Antoine Carr | John Battle | Spud Webb | Mike McGee | Scott Hastings | Chris Washburn | Leon Wood | Ennis Whatley
71%
1986-87 Dominique Wilkins | Kevin Willis | Doc Rivers | Randy Wittman | Tree Rollins | Cliff Levingston | Jon Koncak | Mike McGee | Spud Webb | Gus Williams | John Battle | Antoine Carr | Scott Hastings | Cedric Henderson | Michael Wilson
71%
1985-86 Dominique Wilkins | Randy Wittman | Doc Rivers | Kevin Willis | Tree Rollins | Cliff Levingston | Eddie Johnson | Jon Koncak | Ray Williams | Spud Webb | Antoine Carr | Johnny Davis | Scott Hastings | John Battle | Sedric Toney | Lorenzo Charles
71%
1984-85 Dominique Wilkins | Eddie Johnson | Doc Rivers | Charlie Criss | Randy Wittman | Cliff Levingston | Sly Williams | Tree Rollins | Kevin Willis | Antoine Carr | Mike Glenn | Walker Russell | Scott Hastings | Jerry Eaves | Rickey Brown | Sidney Lowe | Stewart Granger | Leo Rautins
71%
1983-84 Dominique Wilkins | Dan Roundfield | Tree Rollins | Eddie Johnson | Johnny Davis | Doc Rivers | Sly Williams | Mike Glenn | Scott Hastings | Wes Matthews | Randy Wittman | Billy Paultz | Armond Hill | Charlie Criss | Rickey Brown | Mark Landsberger | John Pinone
71%
1990-91 Dominique Wilkins | Doc Rivers | Kevin Willis | Spud Webb | Jon Koncak | John Battle | Moses Malone | Sidney Moncrief | Duane Ferrell | Rumeal Robinson | Tim McCormick | Trevor Wilson | Howard Wright | Gary Leonard
70%
1989-90 Dominique Wilkins | Moses Malone | Doc Rivers | Kevin Willis | Spud Webb | John Battle | Cliff Levingston | John Long | Kenny Smith | Antoine Carr | Jon Koncak | Wes Matthews | Alexander Volkov | Sedric Toney | Roy Marble | Mike Williams | Haywoode Workman | Duane Ferrell
70%
1988-89 Dominique Wilkins | Moses Malone | Doc Rivers | Reggie Theus | Cliff Levingston | Jon Koncak | John Battle | Antoine Carr | Spud Webb | Dudley Bradley | Ray Tolbert | Duane Ferrell | Pace Mannion
70%
1991-92 Dominique Wilkins | Kevin Willis | Stacey Augmon | Rumeal Robinson | Blair Rasmussen | Duane Ferrell | Paul Graham | Alexander Volkov | Maurice Cheeks | Jon Koncak | Morlon Wiley | Travis Mays | Jeff Sanders | Rodney Monroe | Gary Leonard
69%
1982-83 Dan Roundfield | Dominique Wilkins | Rory Sparrow | Tree Rollins | Eddie Johnson | Johnny Davis | Tom McMillen | Steve Hawes | Wes Matthews | Rudy Macklin | Mike Glenn | George Johnson | Rickey Brown | Keith Edmonson | Randy Smith | Sam Pellom | Scott Hastings
69%
1992-93 Dominique Wilkins | Kevin Willis | Mookie Blaylock | Stacey Augmon | Jon Koncak | Duane Ferrell | Paul Graham | Adam Keefe | Travis Mays | Morlon Wiley | Steve Henson | Jeff Sanders | Blair Rasmussen | Randy Breuer | Greg Foster | Andre Spencer | Alex Stivrins
67%
1993-94 Mookie Blaylock | Kevin Willis | Danny Manning | Dominique Wilkins | Stacey Augmon | Craig Ehlo | Jon Koncak | Andrew Lang | Duane Ferrell | Ennis Whatley | Adam Keefe | Doug Edwards | Paul Graham | John Bagley | Ricky Grace
66%
1957-58 Bob Pettit | Slater Martin | Cliff Hagan | Jack McMahon | Ed Macauley | Chuck Share | Jack Coleman | Win Wilfong | Med Park | Walt Davis | Frank Selvy | Red Morrison | Worthy Patterson
65%
1956-57 Slater Martin | Ed Macauley | Bob Pettit | Jack McMahon | Jack Coleman | Chuck Share | Willie Naulls | Med Park | Irv Bemoras | Cliff Hagan | Norm Stewart | John Barber | Alex Hannum | Bob Harrison | Odie Spears
64%
1955-56 Bob Pettit | Jack Coleman | Bob Harrison | Jack Stephens | Chuck Share | Dick Ricketts | Frank Selvy | Jack McMahon | Al Ferrari | Alex Hannum | Chuck Cooper | Bob Schafer | Chris Harris | Med Park
64%
1954-55 Bob Pettit | Bob Harrison | Bill Calhoun | Chuck Cooper | Chuck Share | Ken McBride | Alex Hannum | Pep Saul | Carl McNulty | George Ratkovicz | Fred Diute | Ronnie MacGilvray | Phil Martin | Lew Hitch | Jackie Moore | Frank Selvy | Bobby Watson
64%
2006-07 Joe Johnson | Josh Childress | Josh Smith | Marvin Williams | Zaza Pachulia | Anthony Johnson | Tyronn Lue | Speedy Claxton | Shelden Williams | Salim Stoudamire | Lorenzen Wright | Solomon Jones | Royal Ivey | Cedric Bozeman | Dijon Thompson | Matt Freije | Esteban Batista | Stanislav Medvedenko | Jeremy Richardson
62%
2005-06 Joe Johnson | Al Harrington | Josh Smith | Zaza Pachulia | Josh Childress | Marvin Williams | Tyronn Lue | Salim Stoudamire | Royal Ivey | Anthony Grundy | Esteban Batista | John Edwards | Tony Delk | John Thomas | Donta Smith
61%
1962-63 Bob Pettit | John Barnhill | Lenny Wilkens | Zelmo Beaty | Chico Vaughn | Cliff Hagan | Mike Farmer | Phil Jordon | Woody Sauldsberry | Barney Cable | Bill Bridges | Bob Duffy | Bevo Nordmann | Gene Tormohlen | Nick Mantis
61%
1961-62 Lenny Wilkens | Bob Pettit | Cliff Hagan | Clyde Lovellette | Barney Cable | Al Ferrari | Bob Sims | Johnny McCarthy | Shellie McMillon | Fred LaCour | Larry Foust | Cleo Hill | Stacey Arceneaux | Rich Eichhorst | Ron Horn | Jimmy Darrow | Joe Graboski | Si Green | Vern Hatton | Archie Dees | Woody Sauldsberry
61%
1960-61 Bob Pettit | Cliff Hagan | Johnny McCarthy | Clyde Lovellette | Si Green | Lenny Wilkens | Woody Sauldsberry | Larry Foust | Al Ferrari | Fred LaCour | Phil Rollins | Ernie Beck | Dave Piontek
61%
1959-60 Bob Pettit | Cliff Hagan | Johnny McCarthy | Dave Piontek | Clyde Lovellette | Slater Martin | Al Ferrari | Si Green | Bob Ferry | Jack McMahon | Cal Ramsey | Hub Reed | Larry Foust | Dave Gambee | Chuck Share
61%
1958-59 Bob Pettit | Cliff Hagan | Slater Martin | Jack McMahon | Chuck Share | Clyde Lovellette | Si Green | Al Ferrari | Hub Reed | Ed Macauley | Win Wilfong | Med Park | Dave Gambee
61%
1964-65 Lenny Wilkens | Zelmo Beaty | Bob Pettit | Bill Bridges | Richie Guerin | Chico Vaughn | Cliff Hagan | Mike Farmer | John Barnhill | Paul Silas | Jeff Mullins | John Tresvant | Ed Burton | Bill McGill
59%
1963-64 Bob Pettit | Zelmo Beaty | Lenny Wilkens | Richie Guerin | Cliff Hagan | Bill Bridges | Chico Vaughn | John Barnhill | Mike Farmer | Bevo Nordmann | Gene Tormohlen | Gerry Ward | Ken Rohloff | Bob Duffy
59%
2017-18 Dennis Schröder | Taurean Prince | Kent Bazemore | Damion Lee | Ersan İlyasova | Dewayne Dedmon | John Collins | Marco Belinelli | Mike Muscala | Malcolm Delaney | DeAndre' Bembry | Isaiah Taylor | Tyler Dorsey | Miles Plumlee | Jaylen Morris | Luke Babbitt | Andrew White | Tyler Cavanaugh | Josh Magette | Antonius Cleveland | Jeremy Evans | Nicolás Brussino
55%
1998-99 Mookie Blaylock | Dikembe Mutombo | Steve Smith | Alan Henderson | Grant Long | LaPhonso Ellis | Tyrone Corbin | Chris Crawford | Anthony Johnson | Ed Gray | Jeff Sheppard | Roshown McLeod | Mark West | Shammond Williams
54%
1997-98 Steve Smith | Mookie Blaylock | Dikembe Mutombo | Tyrone Corbin | Christian Laettner | Alan Henderson | Eldridge Recasner | Ed Gray | Chucky Brown | Brian Oliver | Drew Barry | Greg Anderson | Randy Livingston | Chris Crawford | Anthony Miller | Donald Whiteside
54%
1996-97 Mookie Blaylock | Steve Smith | Christian Laettner | Dikembe Mutombo | Tyrone Corbin | Henry James | Eldridge Recasner | Alan Henderson | Jon Barry | Willie Burton | Anthony Miller | Ken Norman | Ivano Newbill | Donnie Boyce | Darrin Hancock | Derrick Alston | Priest Lauderdale
54%
1999-00 Dikembe Mutombo | Jim Jackson | Isaiah Rider | Alan Henderson | Bimbo Coles | Jason Terry | LaPhonso Ellis | Roshown McLeod | Lorenzen Wright | Dion Glover | Chris Crawford | Anthony Johnson | Drew Barry | Cal Bowdler
52%
2004-05 Antoine Walker | Al Harrington | Tyronn Lue | Josh Childress | Tom Gugliotta | Josh Smith | Tony Delk | Predrag Drobnjak | Kenny Anderson | Boris Diaw | Obinna Ekezie | Jon Barry | Jason Collier | Royal Ivey | Michael Stewart | Kevin Willis | Donta Smith | Jelani McCoy | Anthony Miller | James Thomas
51%
2000-01 Jason Terry | Toni Kukoč | Dikembe Mutombo | Jim Jackson | Brevin Knight | Lorenzen Wright | Roshown McLeod | Nazr Mohammed | Matt Maloney | Alan Henderson | Chris Crawford | Larry Robinson | DerMarr Johnson | Dion Glover | Hanno Möttölä | Tony Smith | Anthony Johnson | Cal Bowdler | Pepe Sánchez | Ira Bowman | Sean Colson | Anthony Miller | Andy Panko
51%
1995-96 Grant Long | Mookie Blaylock | Steve Smith | Andrew Lang | Christian Laettner | Stacey Augmon | Ken Norman | Craig Ehlo | Alan Henderson | Spud Webb | Sean Rooks | Reggie Jordan | Matt Bullard | Donnie Boyce | Todd Mundt | Ron Grandison | Tim Kempton | Howard Nathan
40%
1971-72 Lou Hudson | Bill Bridges | Walt Bellamy | Jim Washington | Pete Maravich | Don Adams | Herm Gilliam | Don May | Larry Siegfried | George Trapp | Milt Williams | John Vallely | Jim Davis | Bob Christian | Jeff Halliburton | Tom Payne | Shaler Halimon
38%
1981-82 Dan Roundfield | Eddie Johnson | Rory Sparrow | John Drew | Steve Hawes | Tree Rollins | Tom McMillen | Charlie Criss | Rudy Macklin | Wes Matthews | Jim McElroy | Mike Glenn | Sam Pellom | Al Wood | Freeman Williams | Craig Shelton
37%
1973-74 Lou Hudson | Pete Maravich | Jim Washington | Herm Gilliam | Walt Bellamy | John Brown | Dwight Jones | Steve Bracey | John Wetzel | Dale Schlueter | Tom Ingelsby | John Tschogl
37%
1970-71 Lou Hudson | Bill Bridges | Pete Maravich | Walt Bellamy | Walt Hazzard | Jim Davis | Jerry Chambers | Len Chappell | Bob Christian | John Vallely | Herb White | Bob Riley
36%
1994-95 Kevin Willis | Mookie Blaylock | Steve Smith | Grant Long | Stacey Augmon | Andrew Lang | Ken Norman | Craig Ehlo | Tyrone Corbin | Jon Koncak | Greg Anderson | Ennis Whatley | Jim Les | Sergei Bazarevich | Doug Edwards | Fred Vinson | Morlon Wiley | Tom Hovasse
34%
1972-73 Lou Hudson | Pete Maravich | Walt Bellamy | Jim Washington | Herm Gilliam | George Trapp | Don Adams | John Wetzel | Steve Bracey | Bob Christian | Eddie Mast | Jeff Halliburton | Don May | John Tschogl
34%
2002-03 Shareef Abdur-Rahim | Jason Terry | Glenn Robinson | Theo Ratliff | Ira Newble | Dion Glover | Mike Wilks | Alan Henderson | Corey Benjamin | Emanual Davis | Nazr Mohammed | Darvin Ham | Dan Dickau | Jermaine Jackson | Antonio Harvey | Chris Crawford | Matt Maloney | Amal McCaskill | Mikki Moore | Brandon Williams | Paul Shirley
32%
2001-02 Shareef Abdur-Rahim | Jason Terry | Ira Newble | Emanual Davis | Theo Ratliff | Nazr Mohammed | Toni Kukoč | DerMarr Johnson | Jacque Vaughn | Dion Glover | Chris Crawford | Hanno Möttölä | Alan Henderson | Mark Strickland | Cal Bowdler | Reggie Slater | Leon Smith | Dickey Simpkins
32%
1980-81 Eddie Johnson | Dan Roundfield | Wes Matthews | Steve Hawes | John Drew | Tree Rollins | Armond Hill | Charlie Criss | Don Collins | Tom McMillen | Sam Pellom | Art Collins | Jim McElroy | Tom Burleson | Craig Shelton
32%
1979-80 Eddie Johnson | Dan Roundfield | John Drew | Armond Hill | Tree Rollins | Steve Hawes | Charlie Criss | Tom McMillen | Terry Furlow | Jim McElroy | Jack Givens | John Brown | Ron Lee | Rick Wilson | Sam Pellom
32%
1978-79 Dan Roundfield | Eddie Johnson | Armond Hill | John Drew | Steve Hawes | Tree Rollins | Butch Lee | Terry Furlow | Jack Givens | Tom McMillen | Charlie Criss | Rick Wilson | Keith Herron
32%
1977-78 John Drew | Steve Hawes | Armond Hill | Charlie Criss | Ken Charles | Tom McMillen | Eddie Johnson | Tree Rollins | Ron Behagen | John Brown | Ollie Johnson | Tony Robertson | Claude Terry
31%
2003-04 Rasheed Wallace | Jason Terry | Shareef Abdur-Rahim | Stephen Jackson | Bob Sura | Theo Ratliff | Jason Collier | Dion Glover | Joel Przybilla | Boris Diaw | Chris Crawford | Jacque Vaughn | Nazr Mohammed | Željko Rebrača | Wesley Person | Mamadou N'Diaye | Travis Hansen | Alan Henderson | Lee Nailon | Hiram Fuller | Dan Dickau | Josh Davis | Michael Bradley
29%
1976-77 Truck Robinson | John Drew | Tom Henderson | Ken Charles | Lou Hudson | Joe Meriweather | Tom Barker | Armond Hill | Steve Hawes | Claude Terry | John Brown | Randy Denton | Bill Willoughby | Mike Sojourner | Henry Dickerson | Ron Davis
29%
1975-76 Tom Henderson | Lou Hudson | John Drew | Tom Van Arsdale | Dwight Jones | Connie Hawkins | Mike Sojourner | John Brown | Dean Meminger | Bill Willoughby | Wilbur Holland | Dennis DuVal | Jim Creighton
28%
1974-75 Tom Van Arsdale | Lou Hudson | John Drew | Mike Sojourner | Dwight Jones | John Brown | Dean Meminger | Tom Henderson | Jim Washington | Herm Gilliam | Clyde Lee | John Wetzel | Bob Kauffman
28%
1967-68 Bill Bridges | Lenny Wilkens | Zelmo Beaty | Joe Caldwell | Paul Silas | Don Ohl | Dick Snyder | Lou Hudson | Gene Tormohlen | George Lehmann | Jim Davis | Jay Miller | Tom Workman
28%
1966-67 Bill Bridges | Lenny Wilkens | Zelmo Beaty | Lou Hudson | Richie Guerin | Joe Caldwell | Paul Silas | Rod Thorn | Gene Tormohlen | Dick Snyder | Tom Hoover | Tommy Kron
27%
1968-69 Bill Bridges | Zelmo Beaty | Lou Hudson | Joe Caldwell | Walt Hazzard | Don Ohl | Paul Silas | Jim Davis | Richie Guerin | George Lehmann | Skip Harlicka | Dennis Hamilton | Dwight Waller
25%
1969-70 Bill Bridges | Lou Hudson | Walt Bellamy | Joe Caldwell | Walt Hazzard | Jim Davis | Gary Gregor | Don Ohl | Butch Beard | Dave Newmark | Richie Guerin | Gene Tormohlen | Grady O'Malley
24%
1965-66 Lenny Wilkens | Zelmo Beaty | Bill Bridges | Richie Guerin | Cliff Hagan | Joe Caldwell | Chico Vaughn | John Barnhill | Rod Thorn | Jim Washington | John Tresvant | Jeff Mullins | Paul Silas | Gene Tormohlen | Mike Farmer
16%
1952-53 Mel Hutchins | Bill Calhoun | Jack Nichols | George Ratkovicz | Dave Minor | Don Boven | Al Masino | Johnny Payak | Bucky McConnell | John O'Boyle | Stan Miasek | Don Otten | Eddie Miller | George Feigenbaum | Jim Brasco | Dillard Crocker | Mike O'Neill | Andrew Levane | Pete Darcey | Mark Workman
3%
1950-51 John Hargis | Gene Vance | Mike Todorovich | Herb Scherer | Ed Peterson | Warren Perkins | Jack Nichols | John Logan | Noble Jorgensen | Kleggie Hermsen | Ed Beach | Ed Gayda | Dike Eddleman | Hank DeZonie | Ray Corley | Cal Christensen | Bob Carpenter | Tommy Byrnes | Frankie Brian | Harry Boykoff
2%
1949-50 George Nostrand | Murray Wier | Whitey Von Nieda | Gene Vance | Mike Todorovich | Dick Schulz | Don Ray | Warren Perkins | Red Owens | Mac Otten | Don Otten | Gene Berce | Jack Nichols | John Mahnken | Walt Kirk | Jack Kerris | Bill Henry | Billy Hassett | Dee Gibson | Gene Englund | Dike Eddleman | John Chaney
2%
1951-52 Mel Hutchins | Walt Kirk | Dick Mehen | Dike Eddleman | Don Otten | Don Boven | Red Owens | Kevin O'Shea | Dillard Crocker | Art Burris | Bob Wilson | Don Rehfeldt | Gene Vance | Cal Christensen | Elmer Behnke | John McConathy | Charlie Black | John Rennicke | Nate DeLong | Jerry Fowler
1%
1953-54 Bob Harrison | Lew Hitch | Max Zaslofsky | Bill Calhoun | Don Sunderlage | George Ratkovicz | Chuck Share | Bill Tosheff | Jack Nichols | Irv Bemoras | Don Lofgran | Bob Lavoy | Bob Houbregs | Red Holzman | Dick Surhoff | Gene Dyker | Isaac Walthour | Bob Peterson
0%
No matching quizzes found
Score Distribution
Percent of People with Each Score
Percentile by Number Answered
Your Score History
You have not taken this quiz since the last reset